[Event "CUB-ch"]
[Site "Cuba"]
[Date "1988.??.??"]
[Round "?"]
[White "Rodriguez Cespedes, Amador"]
[Black "Hernandez Onna, Roman"]
[Result "1-0"]
[WhiteElo "2550"]
[BlackElo "2430"]
[PlyCount "79"]
[EventDate "1988.10.??"]
[EventType "swiss"]
[EventRounds "10"]
[EventCountry "CUB"]
[SourceTitle "TD"]
[Source "ChessBase"]
[SourceDate "1994.03.01"]

1. e4 c5 2. Nf3 Nc6 3. d4 cxd4 4. Nxd4 g6 5. c4 Bg7 6. Be3 Nf6 7. Nc3 Ng4 8.
Qxg4 Nxd4 9. Qd1 Ne6 10. Rc1 Qa5 11. Bd3 b6 12. O-O Bb7 13. f4 O-O 14. Bb1 d6
15. Rf2 Rac8 16. Nd5 Bxd5 17. exd5 Nc5 18. a3 Na4 19. b4 Qa6 20. Qb3 b5 21. Bd3
Qb7 22. c5 dxc5 23. bxc5 a6 24. f5 Rcd8 25. c6 Qc8 26. Kh1 Bf6 27. Bh6 Nb6 28.
Bxf8 Kxf8 29. Be4 g5 30. Rf3 Qc7 31. Rh3 Qe5 32. Qd3 Nc4 33. Rxh7 Nd6 34. Bf3
g4 35. Be2 Ne4 36. Rf1 g3 37. Qc2 Nf2+ 38. Kg1 Ne4 39. hxg3 Nxg3 40. Bf3 1-0

[Event "Thessaloniki ol (Men)"]
[Site "Thessaloniki"]
[Date "1988.11.19"]
[Round "6"]
[White "Hernandez Onna, Roman"]
[Black "Espig, Lutz"]
[Result "1/2-1/2"]
[WhiteElo "2465"]
[BlackElo "2465"]
[PlyCount "166"]
[EventDate "1988.11.13"]
[EventType "team-swiss"]
[EventRounds "14"]
[EventCountry "GRE"]
[SourceTitle "TD"]
[Source "ChessBase"]
[SourceDate "1994.03.01"]
[WhiteTeam "Cuba"]
[BlackTeam "German Dem Rep"]
[WhiteTeamCountry "CUB"]
[BlackTeamCountry "DDR"]

1. d4 d6 2. Nf3 Bg4 3. c4 Nf6 4. Nc3 Nbd7 5. e4 e5 6. Be2 Be7 7. Be3 O-O 8. O-O
h6 9. Rc1 Nh7 10. Nd5 Bxf3 11. Nxe7+ Qxe7 12. Bxf3 Ng5 13. Re1 Nf6 14. c5 Rfd8
15. cxd6 Qxd6 16. Bxg5 hxg5 17. d5 c6 18. dxc6 bxc6 19. Qxd6 Rxd6 20. h3 Rd2
21. Re2 Rxe2 22. Bxe2 Nxe4 23. Bd3 Nf6 24. Rxc6 Rd8 25. Bf5 Rd1+ 26. Kh2 Kf8
27. Rc8+ Ke7 28. Rc7+ Kd6 29. Rxf7 Rd2 30. f3 Rxb2 31. Rxa7 Nh5 32. Ra6+ Ke7
33. Re6+ Kf7 34. Rc6 Nf4 35. Rc2 Rb4 36. a3 Ra4 37. Ra2 Kf6 38. Bd7 Ra7 39. Bc6
Nd3 40. Bb5 Nb4 41. Rb2 Nd5 42. a4 Rb7 43. Rc2 Nc7 44. Rc6+ Ke7 45. Bc4 Kd7 46.
Rg6 Rb4 47. Bb5+ Nxb5 48. axb5 Ke7 49. Rxg7+ Kf6 50. Rb7 e4 51. fxe4 Rxe4 52.
b6 Rb4 53. Rb8 Rb3 54. Kg1 Rb2 55. Kf1 Kg7 56. g4 Rb3 57. Kg2 Kh7 58. Kh2 Rb2+
59. Kg3 Rb3+ 60. Kf2 Rxh3 61. Rc8 Rb3 62. Rc7+ Kg6 63. b7 Kf6 64. Ke2 Ke5 65.
Kd2 Kd6 66. Rg7 Ke5 67. Kc2 Rb6 68. Kc3 Kf4 69. Rd7 Kg3 70. Kc4 Kh4 71. Kc5 Rb1
72. Kc6 Rc1+ 73. Kd6 Rb1 74. Kc7 Rc1+ 75. Kd8 Rb1 76. Kc8 Kxg4 77. b8=Q Rxb8+
78. Kxb8 Kf3 79. Rf7+ Ke3 80. Rg7 Kf4 81. Kc7 g4 82. Kd6 g3 83. Kd5 Kf3 1/2-1/2

[Event "Thessaloniki ol (Men)"]
[Site "Thessaloniki"]
[Date "1988.11.21"]
[Round "8"]
[White "Hector, Jonny"]
[Black "Hernandez Onna, Roman"]
[Result "1/2-1/2"]
[WhiteElo "2435"]
[BlackElo "2465"]
[PlyCount "103"]
[EventDate "1988.11.13"]
[EventType "team-swiss"]
[EventRounds "14"]
[EventCountry "GRE"]
[SourceTitle "TD"]
[Source "ChessBase"]
[SourceDate "1994.03.01"]
[WhiteTeam "Sweden"]
[BlackTeam "Cuba"]
[WhiteTeamCountry "SWE"]
[BlackTeamCountry "CUB"]

1. e4 c5 2. Nf3 Nc6 3. d4 cxd4 4. Nxd4 g6 5. Nc3 Bg7 6. Be3 Nf6 7. Bc4 O-O 8.
Bb3 a5 9. f3 d5 10. Bxd5 Nxd5 11. exd5 Nb4 12. Nde2 e6 13. a3 Nxd5 14. Nxd5
exd5 15. Bd4 Bh6 16. O-O Ra6 17. Kh1 Re8 18. Bf2 a4 19. Re1 Rae6 20. Nc3 Rxe1+
21. Bxe1 d4 22. Nxa4 Be3 23. Nc5 Bf5 24. Bg3 Qb6 25. b4 Qc6 26. a4 Rc8 27. a5
Qb5 28. Rb1 Qc4 29. Rb2 Qc3 30. Qb1 Re8 31. Ne4 Bxe4 32. fxe4 Rxe4 33. Rb3 Qc4
34. b5 Bf4 35. a6 bxa6 36. b6 Qe6 37. b7 Bb8 38. Qa1 Re2 39. Qxd4 Qc6 40. Qd8+
Kg7 41. Qd4+ Kg8 42. Bf2 Qc7 43. g3 Rxc2 44. Qf6 Rd2 45. Qf3 Qc2 46. Bg1 Rd1
47. h4 Qc1 48. Qe3 Qc6+ 49. Kh2 Qc2+ 50. Kh1 Qc6+ 51. Kh2 Qc2+ 52. Kh1 1/2-1/2

[Event "Thessaloniki ol (Men)"]
[Site "Thessaloniki"]
[Date "1988.11.29"]
[Round "14"]
[White "Semkov, Semko"]
[Black "Hernandez Onna, Roman"]
[Result "0-1"]
[WhiteElo "2445"]
[BlackElo "2465"]
[PlyCount "106"]
[EventDate "1988.11.13"]
[EventType "team-swiss"]
[EventRounds "14"]
[EventCountry "GRE"]
[SourceTitle "TD"]
[Source "ChessBase"]
[SourceDate "1994.03.01"]
[WhiteTeam "Bulgaria"]
[BlackTeam "Cuba"]
[WhiteTeamCountry "BUL"]
[BlackTeamCountry "CUB"]

1. d4 Nf6 2. c4 e6 3. Nc3 Bb4 4. e3 c5 5. Bd3 Nc6 6. Nge2 d5 7. cxd5 exd5 8. a3
cxd4 9. exd4 Bd6 10. O-O O-O 11. Bc2 Bg4 12. h3 Bh5 13. Bg5 Re8 14. Re1 h6 15.
Be3 a6 16. b4 Rc8 17. Qd2 Ne4 18. Nxe4 dxe4 19. Bb3 Qf6 20. Nc3 Qg6 21. Ne2 Qf6
22. Ng3 Bg6 23. Red1 Rcd8 24. Rac1 Qh4 25. Qe2 Bxg3 26. fxg3 Qxg3 27. Qf2 Qd6
28. Ba4 b5 29. Bb3 a5 30. d5 Ne5 31. Bc5 Qa6 32. Qe3 Nd3 33. Rc3 axb4 34. axb4
Qf6 35. Rc2 Qg5 36. Qxg5 hxg5 37. Re2 Bh5 38. g4 Nf4 39. Re3 Nxh3+ 40. Rxh3
Bxg4 41. Re3 Bxd1 42. Bxd1 Rxd5 43. Be2 Ree5 44. Rc3 f5 45. Bxb5 Rd1+ 46. Kf2
f4 47. Be2 e3+ 48. Kf3 Rg1 49. Bc4+ Kh7 50. Bd4 Rg3+ 51. Ke2 f3+ 52. Kf1 e2+
53. Ke1 f2+ 0-1

[Event "Alicante op"]
[Site "Alicante"]
[Date "1989.??.??"]
[Round "?"]
[White "Teyssou, Denis"]
[Black "Hernandez Onna, Roman"]
[Result "1-0"]
[WhiteElo "2255"]
[BlackElo "2435"]
[PlyCount "122"]
[EventDate "1989.??.??"]
[EventType "swiss"]
[EventRounds "9"]
[EventCountry "ESP"]
[SourceTitle "TD"]
[Source "ChessBase"]
[SourceDate "1994.03.01"]

1. d4 Nf6 2. c4 e6 3. Nc3 Bb4 4. Bg5 h6 5. Bh4 c5 6. d5 Bxc3+ 7. bxc3 d6 8. e3
Qe7 9. Nf3 e5 10. Qc2 Nbd7 11. Nd2 Nf8 12. Bd3 g5 13. Bg3 Rg8 14. f3 Ng6 15.
O-O h5 16. f4 Ng4 17. Rae1 h4 18. Bf2 h3 19. Bg3 hxg2 20. Kxg2 gxf4 21. exf4
Bd7 22. Kh1 O-O-O 23. Nf3 Qf8 24. Bxg6 exf4 25. Bxf4 fxg6 26. Ng5 Re8 27. Ne4
Bf5 28. Nxd6+ Qxd6 29. Rxe8+ Rxe8 30. Qxf5+ gxf5 31. Bxd6 Re2 32. Bxc5 Rxh2+
33. Kg1 Rxa2 34. Rxf5 Ra4 35. Rf8+ Kd7 36. Rf7+ Kc8 37. Rf8+ Kd7 38. Rf7+ Kc8
39. Bd4 Rxc4 40. Kg2 Rc7 41. Rf8+ Kd7 42. Kf3 Ke7 43. d6+ Kxd6 44. Kxg4 Kd5 45.
Kf4 Kc4 46. Ke3 b5 47. Rf4 Kb3 48. Kd3 b4 49. Be5 Rd7+ 50. Rd4 Rb7 51. c4 Ka4
52. Rh4 Rd7+ 53. Bd4 b3 54. Kc3 Rf7 55. c5 Rf3+ 56. Kc4 Rf1 57. Rh2 Rc1+ 58.
Kd5 Kb4 59. c6 a5 60. Rh7 a4 61. Rb7+ Ka3 1-0

[Event "Alicante op"]
[Site "Alicante"]
[Date "1989.??.??"]
[Round "?"]
[White "Urday Caceres, Henry"]
[Black "Hernandez Onna, Roman"]
[Result "1/2-1/2"]
[WhiteElo "2355"]
[BlackElo "2435"]
[PlyCount "35"]
[EventDate "1989.??.??"]
[EventType "swiss"]
[EventRounds "9"]
[EventCountry "ESP"]
[SourceTitle "TD"]
[Source "ChessBase"]
[SourceDate "1994.03.01"]

1. c4 Nf6 2. Nc3 c5 3. g3 g6 4. Bg2 Bg7 5. d3 Nc6 6. e4 d6 7. Nge2 O-O 8. O-O
Bg4 9. h3 Bxe2 10. Nxe2 Rb8 11. Be3 b5 12. cxb5 Rxb5 13. b3 Nd7 14. d4 cxd4 15.
Nxd4 Nxd4 16. Bxd4 Bxd4 17. Qxd4 Qb6 18. Qxb6 1/2-1/2

[Event "Alicante op"]
[Site "Alicante"]
[Date "1989.??.??"]
[Round "?"]
[White "Westerinen, Heikki MJ"]
[Black "Hernandez Onna, Roman"]
[Result "1/2-1/2"]
[WhiteElo "2400"]
[BlackElo "2435"]
[PlyCount "83"]
[EventDate "1989.??.??"]
[EventType "swiss"]
[EventRounds "9"]
[EventCountry "ESP"]
[SourceTitle "TD"]
[Source "ChessBase"]
[SourceDate "1994.03.01"]

1. e4 c5 2. Nf3 Nc6 3. d4 cxd4 4. Nxd4 g6 5. Nc3 Bg7 6. Be3 Nf6 7. Bc4 O-O 8.
Bb3 a5 9. f3 d5 10. Bxd5 Nxd5 11. exd5 Nb4 12. Ndb5 Bd7 13. a3 Bxb5 14. axb4
Bc4 15. bxa5 Rxa5 16. Rxa5 Bxc3+ 17. bxc3 Qxa5 18. d6 Rd8 19. Kf2 Rxd6 20. Qa1
Qxa1 21. Rxa1 Rd8 22. Ra4 Rc8 23. Ra5 f6 24. Rc5 Rxc5 25. Bxc5 Kf7 26. Ke3 e5
27. f4 Ke6 28. fxe5 fxe5 29. Bb6 Bd5 30. g3 Kf5 31. Bc7 h5 32. h4 Be4 33. Kd2
b5 34. Bb8 Bd5 35. Ke3 Ba2 36. Bc7 Bd5 37. Bb8 Be4 38. Kd2 Ke6 39. Bc7 Kd5 40.
Bb8 Bf5 41. Bc7 Ke4 42. Bd6 1/2-1/2

[Event "La Coruna op"]
[Site "La Coruna"]
[Date "1989.??.??"]
[Round "?"]
[White "Bass, Leonid"]
[Black "Hernandez Onna, Roman"]
[Result "1-0"]
[WhiteElo "2430"]
[BlackElo "2435"]
[PlyCount "99"]
[EventDate "1989.??.??"]
[EventType "swiss"]
[EventRounds "9"]
[EventCountry "ESP"]
[SourceTitle "EXT 2002"]
[Source "ChessBase"]
[SourceDate "2001.11.25"]

1. d4 Nf6 2. c4 e6 3. Nc3 Bb4 4. Qc2 O-O 5. a3 Bxc3+ 6. Qxc3 b6 7. Bg5 Bb7 8.
e3 d6 9. f3 Nbd7 10. Bd3 c5 11. Ne2 Rc8 12. Qd2 Ba6 13. Rc1 Re8 14. b4 h6 15.
Bh4 d5 16. b5 dxc4 17. Bxc4 Bb7 18. O-O cxd4 19. Qxd4 Qe7 20. Qb2 Bd5 21. Bd3
Nc5 22. Qb4 e5 23. Bb1 Rcd8 24. e4 Bb7 25. Bf2 Nd3 26. Qxe7 Rxe7 27. Rcd1 Red7
28. Be3 Nb2 29. Rxd7 Rxd7 30. Rc1 Nd1 31. Bd4 exd4 32. Rxd1 g6 33. Kf2 Rc7 34.
Rxd4 Nd7 35. Ba2 Nc5 36. Ke3 Kg7 37. Rd6 Na4 38. Rd1 Nc5 39. h4 a6 40. Rd6 Na4
41. Bb3 axb5 42. Bxa4 bxa4 43. Rxb6 Bc8 44. Rb4 Bd7 45. Kd3 h5 46. Nc3 Be8 47.
Rb8 Bd7 48. Ra8 Rb7 49. Nxa4 Rb3+ 50. Nc3 1-0

[Event "Ponferrada"]
[Site "Ponferrada"]
[Date "1989.??.??"]
[Round "?"]
[White "Hernandez Onna, Roman"]
[Black "Cid, Marino Alejandro"]
[Result "1/2-1/2"]
[WhiteElo "2450"]
[BlackElo "2285"]
[PlyCount "76"]
[EventDate "1989.??.??"]
[EventType "game"]
[EventCountry "ESP"]
[SourceTitle "EXT 2010"]
[Source "ChessBase"]
[SourceDate "2010.11.25"]

1. d4 Nf6 2. Nf3 g6 3. c4 Bg7 4. Nc3 d6 5. e4 O-O 6. Be2 e5 7. O-O Nc6 8. d5
Ne7 9. Nd2 Ne8 10. b4 f5 11. c5 Nf6 12. f3 f4 13. Nc4 g5 14. a4 Ng6 15. Ba3 Rf7
16. b5 Bf8 17. a5 dxc5 18. b6 cxb6 19. axb6 g4 20. fxg4 axb6 21. Bb2 Rxa1 22.
Bxa1 Bd7 23. Qb3 Nxg4 24. Nb5 Qg5 25. Nbd6 Rg7 26. Nf5 Bxf5 27. exf5 Nh4 28. d6
Kh8 29. Qh3 Nf6 30. Bxe5 b5 31. Ne3 fxe3 32. g3 Ng6 33. d7 Be7 34. Bxf6 Qxf6
35. fxg6 Qxg6 36. Qg2 Rf7 37. Bxb5 Rxf1+ 38. Qxf1 Qf6 1/2-1/2

[Event "Las Palmas op"]
[Site "Las Palmas"]
[Date "1989.??.??"]
[Round "?"]
[White "Garcia Padron, Jose"]
[Black "Hernandez Onna, Roman"]
[Result "1-0"]
[WhiteElo "2420"]
[BlackElo "2435"]
[PlyCount "149"]
[EventDate "1989.05.??"]
[EventType "swiss"]
[EventRounds "9"]
[EventCountry "ESP"]
[SourceTitle "EXT 1997"]
[Source "ChessBase"]
[SourceDate "1996.11.15"]
[SourceVersion "1"]
[SourceVersionDate "1996.11.15"]
[SourceQuality "1"]

1. e4 g6 2. d4 Bg7 3. Nf3 c5 4. Nc3 cxd4 5. Nxd4 Nc6 6. Be3 d6 7. Bc4 Nf6 8. h3
O-O 9. O-O Bd7 10. Bb3 Rc8 11. f4 Qa5 12. Nde2 b5 13. a3 a6 14. Qe1 Qc7 15. Qf2
Qb7 16. Rad1 Be6 17. Bd5 Bxd5 18. exd5 Na5 19. Rd3 Nc4 20. Bc1 Rc7 21. g4 a5
22. b4 axb4 23. axb4 Nb6 24. Rfd1 Rfc8 25. Qf3 Na4 26. Nxa4 bxa4 27. c3 Rc4 28.
Bb2 Qa8 29. Ba1 R8c7 30. R3d2 Ne4 31. Rd3 Nf6 32. Rd4 a3 33. R4d3 Ne4 34. Re3
Qa4 35. Rdd3 Qc2 36. Qf1 Nd2 37. Qc1 Qxc1+ 38. Nxc1 Ne4 39. Ne2 Kf8 40. Kg2 Ke8
41. Kf3 Nf6 42. Nc1 Nd7 43. g5 Nb6 44. Nb3 Rc8 45. Na5 R4c7 46. Ke2 Kd7 47. Rf3
e6 48. dxe6+ fxe6 49. Kd2 Bh8 50. Kc2 Nd5 51. Kb3 Nxb4 52. cxb4 Bxa1 53. Kxa3
d5 54. Ka4 Bc3 55. Rf1 Kd6 56. Re3 d4 57. Re4 d3 58. Kb3 Bg7 59. Rd1 Rc3+ 60.
Ka4 Kd5 61. Re3 R8c7 62. Rdxd3+ Rxd3 63. Rxd3+ Ke4 64. Rd6 Kxf4 65. b5 e5 66.
b6 Rc8 67. b7 Rb8 68. Rd7 Bh8 69. Nc6 Rxb7 70. Rxb7 e4 71. Rxh7 Ba1 72. Re7 e3
73. Kb3 Kf3 74. Ne5+ Bxe5 75. Rxe5 1-0

[Event "Las Palmas op"]
[Site "Las Palmas"]
[Date "1989.??.??"]
[Round "?"]
[White "Garcia Ramon, Ricardo"]
[Black "Hernandez Onna, Roman"]
[Result "1-0"]
[WhiteElo "2315"]
[BlackElo "2435"]
[PlyCount "81"]
[EventDate "1989.05.??"]
[EventType "swiss"]
[EventRounds "9"]
[EventCountry "ESP"]
[SourceTitle "EXT 1997"]
[Source "ChessBase"]
[SourceDate "1996.11.15"]
[SourceVersion "1"]
[SourceVersionDate "1996.11.15"]
[SourceQuality "1"]

1. e4 g6 2. f4 Bg7 3. Nf3 c5 4. Bc4 Nc6 5. O-O d6 6. c3 Qc7 7. d3 Nf6 8. Kh1
O-O 9. Be3 a6 10. Nbd2 Na5 11. Bb3 Nxb3 12. Qxb3 e5 13. fxe5 dxe5 14. Qc4 b6
15. d4 Be6 16. d5 Bd7 17. Qd3 Ne8 18. c4 Nd6 19. Qe2 f5 20. Bf2 Rae8 21. Rae1
Bc8 22. Bg3 f4 23. Bf2 h6 24. Rb1 Rf7 25. b4 g5 26. bxc5 bxc5 27. Ne1 g4 28.
Nd3 f3 29. gxf3 gxf3 30. Qe3 Bh3 31. Rfd1 Qc8 32. Bg3 Nf5 33. exf5 e4 34. Nxc5
Qxf5 35. Ndxe4 f2 36. Bxf2 Rxe4 37. Nxe4 Re7 38. Re1 Bd4 39. Ng3 Qg4 40. Qd3
Rf7 41. Rb8+ 1-0

[Event "Las Palmas op"]
[Site "Las Palmas"]
[Date "1989.??.??"]
[Round "?"]
[White "Gonzalez, G.."]
[Black "Hernandez Onna, Roman"]
[Result "1-0"]
[WhiteElo "2215"]
[BlackElo "2435"]
[PlyCount "105"]
[EventDate "1989.05.??"]
[EventType "swiss"]
[EventRounds "9"]
[EventCountry "ESP"]
[SourceTitle "EXT 1997"]
[Source "ChessBase"]
[SourceDate "1996.11.15"]
[SourceVersion "1"]
[SourceVersionDate "1996.11.15"]
[SourceQuality "1"]

1. d4 g6 2. c4 Bg7 3. e4 c5 4. d5 d6 5. Nc3 Nf6 6. Bd3 O-O 7. Nge2 e5 8. f3 Na6
9. g4 Nc7 10. Ng3 Bd7 11. Be3 a6 12. Qd2 b5 13. b3 bxc4 14. bxc4 Rb8 15. h4 a5
16. h5 Qe7 17. Bh6 a4 18. Bxg7 Kxg7 19. hxg6 fxg6 20. O-O Na6 21. Rab1 Nb4 22.
Be2 a3 23. Rb3 Ra8 24. Kg2 Ra7 25. Nd1 Qf7 26. Nf2 Ng8 27. Nd3 Nxd3 28. Bxd3
Qf4 29. Qxf4 exf4 30. Ne2 g5 31. Rb6 Rf6 32. Rh1 Ne7 33. e5 Rh6 34. Rxh6 Kxh6
35. Rxd6+ Kg7 36. Rb6 Nc8 37. Rb8 Ba4 38. Nc3 Ne7 39. Ne4 Ng6 40. Nxc5 Nxe5 41.
Rb4 Be8 42. Bc2 Bf7 43. Bb3 h5 44. gxh5 Bxh5 45. Ne6+ Kf6 46. Nd4 Ke7 47. Rb6
Kd7 48. c5 Bf7 49. Nb5 Ra5 50. Rb7+ Kd8 51. Rb8+ Kd7 52. c6+ Ke7 53. c7 1-0

[Event "Las Palmas op"]
[Site "Las Palmas"]
[Date "1989.??.??"]
[Round "?"]
[White "Moreno, A.."]
[Black "Hernandez Onna, Roman"]
[Result "1/2-1/2"]
[WhiteElo "2245"]
[BlackElo "2435"]
[PlyCount "21"]
[EventDate "1989.05.??"]
[EventType "swiss"]
[EventRounds "9"]
[EventCountry "ESP"]
[SourceTitle "EXT 1997"]
[Source "ChessBase"]
[SourceDate "1996.11.15"]
[SourceVersion "1"]
[SourceVersionDate "1996.11.15"]
[SourceQuality "1"]

1. e4 g6 2. d4 Bg7 3. Nf3 d6 4. Be2 Nf6 5. Nbd2 O-O 6. c3 e5 7. O-O Nc6 8. Re1
Nh5 9. d5 Ne7 10. h3 Nf4 11. Bf1 1/2-1/2

[Event "Capablanca Memorial-B 24th"]
[Site "Holguin"]
[Date "1989.05.23"]
[Round "2"]
[White "Herrera, Irisberto"]
[Black "Hernandez Onna, Roman"]
[Result "1/2-1/2"]
[WhiteElo "2295"]
[BlackElo "2435"]
[PlyCount "69"]
[EventDate "1989.05.22"]
[EventType "tourn"]
[EventRounds "13"]
[EventCountry "CUB"]
[EventCategory "7"]
[SourceTitle "EXT 2012"]
[Source "ChessBase"]
[SourceDate "2011.11.24"]
[SourceVersion "1"]
[SourceVersionDate "2011.11.24"]
[SourceQuality "1"]

1. e4 e5 2. Nf3 Nc6 3. Bb5 a6 4. Ba4 Nf6 5. O-O Be7 6. Re1 b5 7. Bb3 d6 8. c3
O-O 9. h3 Na5 10. Bc2 c5 11. d4 Qc7 12. Nbd2 Nc6 13. Nf1 cxd4 14. cxd4 exd4 15.
Bf4 Be6 16. Rc1 Qb6 17. Ng3 Rac8 18. Bb1 Rfe8 19. Re2 Nd7 20. Rd2 Nde5 21. Nxd4
Nxd4 22. Rxd4 Bxh3 23. Rxc8 Bxc8 24. Nf5 Bxf5 25. exf5 Nc4 26. Re4 Qd8 27. b3
Ne5 28. Qd5 Bf6 29. Be3 h6 30. a4 Qd7 31. Rd4 Rd8 32. axb5 axb5 33. Rb4 Rb8 34.
Rd4 Rd8 35. Rb4 1/2-1/2

[Event "Capablanca Memorial-B 24th"]
[Site "Holguin"]
[Date "1989.05.25"]
[Round "4"]
[White "Vera Gonzalez Quevedo, Reynaldo"]
[Black "Hernandez Onna, Roman"]
[Result "1/2-1/2"]
[WhiteElo "2470"]
[BlackElo "2435"]
[PlyCount "82"]
[EventDate "1989.05.22"]
[EventType "tourn"]
[EventRounds "13"]
[EventCountry "CUB"]
[EventCategory "7"]
[SourceTitle "EXT 2012"]
[Source "ChessBase"]
[SourceDate "2011.11.24"]
[SourceVersion "1"]
[SourceVersionDate "2011.11.24"]
[SourceQuality "1"]

1. d4 Nf6 2. c4 e6 3. Nc3 Bb4 4. e3 c5 5. Bd3 Nc6 6. Nge2 d5 7. cxd5 exd5 8. a3
cxd4 9. exd4 Bd6 10. Bg5 O-O 11. f3 h6 12. Bh4 Be6 13. O-O g5 14. Bg3 Nh5 15.
Bxd6 Qxd6 16. f4 f5 17. Rc1 Rf7 18. Na4 Raf8 19. Nc5 b6 20. Nxe6 Qxe6 21. Rc3
Na5 22. Qd2 Nf6 23. fxg5 Ne4 24. Bxe4 fxe4 25. Rxf7 Qxf7 26. Qe1 Nc4 27. gxh6
e3 28. Qg3+ Kh7 29. Qg7+ Qxg7 30. hxg7 Kxg7 31. Ng3 Rf2 32. b3 Ra2 33. Nf5+ Kg6
34. Nxe3 Nd2 35. Rc6+ Kg5 36. Nxd5 Nxb3 37. Rc3 Nxd4 38. Rd3 Nb5 39. h3 Rxa3
40. Rd2 Nc3 41. Nxc3 Rxc3 1/2-1/2

[Event "Capablanca Memorial-B 24th"]
[Site "Holguin"]
[Date "1989.05.30"]
[Round "8"]
[White "Estevez Morales, Guillermo"]
[Black "Hernandez Onna, Roman"]
[Result "1/2-1/2"]
[WhiteElo "2405"]
[BlackElo "2435"]
[PlyCount "61"]
[EventDate "1989.05.22"]
[EventType "tourn"]
[EventRounds "13"]
[EventCountry "CUB"]
[EventCategory "7"]
[SourceTitle "EXT 2012"]
[Source "ChessBase"]
[SourceDate "2011.11.24"]
[SourceVersion "1"]
[SourceVersionDate "2011.11.24"]
[SourceQuality "1"]

1. e4 c5 2. Nf3 Nc6 3. d4 cxd4 4. Nxd4 g6 5. Nc3 Bg7 6. Be3 Nf6 7. Bc4 O-O 8.
Bb3 a5 9. f3 d5 10. Bxd5 Nxd5 11. Nxd5 f5 12. Nxc6 bxc6 13. Nb6 Rb8 14. Qxd8
Rxd8 15. Rd1 Rxd1+ 16. Kxd1 Bxb2 17. Nxc8 Rxc8 18. exf5 gxf5 19. Ke2 Be5 20.
Rb1 Kf7 21. Rb6 Bxh2 22. Ra6 Bd6 23. Rxa5 Ke6 24. a4 Rg8 25. Kf1 Rb8 26. Ra6
Kd5 27. Bb6 c5 28. a5 Rg8 29. Ra7 Kc6 30. Ra6 Kb7 31. Ra7+ 1/2-1/2

[Event "WchT 2nd"]
[Site "Luzern"]
[Date "1989.??.??"]
[Round "?"]
[White "Hernandez Onna, Roman"]
[Black "Lukacs, Peter"]
[Result "1/2-1/2"]
[WhiteElo "2450"]
[BlackElo "2480"]
[PlyCount "86"]
[EventDate "1989.10.??"]
[EventType "team-tourn"]
[EventRounds "9"]
[EventCountry "SUI"]
[SourceTitle "CBM 016"]
[Source "ChessBase"]
[SourceDate "1990.06.01"]
[SourceVersion "1"]
[SourceVersionDate "1990.06.01"]
[SourceQuality "1"]

1. c4 e6 2. Nc3 Nf6 3. d4 Bb4 4. e3 O-O 5. Bd3 d5 6. Nge2 dxc4 7. Bxc4 c5 8. a3
Bxc3+ 9. bxc3 e5 10. O-O Nc6 11. Bb2 Re8 12. Rc1 Be6 13. Bxe6 Rxe6 14. dxc5 Ne4
15. Qc2 Nxc5 16. Rcd1 Qa5 17. c4 Qa4 18. Qxa4 Nxa4 19. Ba1 Nb6 20. c5 Na4 21.
Rd5 f6 22. Ng3 Ne7 23. Rdd1 Nxc5 24. f4 Nc6 25. Nf5 b6 26. g4 Rae8 27. g5 fxg5
28. fxe5 Nxe5 29. Rd5 g4 30. Kg2 Nc4 31. Bd4 Nb3 32. Rd7 Nxd4 33. exd4 Kh8 34.
Nxg7 Ne3+ 35. Kg1 Nxf1 36. Nxe6 Nxh2 37. Ng5 Nf3+ 38. Nxf3 gxf3 39. Kf2 a5 40.
Kxf3 Kg8 41. Rb7 Re6 42. d5 Rh6 43. Ke4 Kf8 1/2-1/2

[Event "Capablanca Memorial-B"]
[Site "Havana"]
[Date "1990.??.??"]
[Round "?"]
[White "Diaz, Joaquin Carlos"]
[Black "Hernandez Onna, Roman"]
[Result "1/2-1/2"]
[WhiteElo "2410"]
[BlackElo "2445"]
[PlyCount "63"]
[EventDate "1990.??.??"]
[EventType "tourn"]
[EventRounds "13"]
[EventCountry "CUB"]
[EventCategory "7"]
[SourceTitle "EXT 2000"]
[Source "ChessBase"]
[SourceDate "1999.11.16"]

1. e4 c5 2. Nf3 Nc6 3. d4 cxd4 4. Nxd4 g6 5. Be3 Bg7 6. Nc3 Nf6 7. Bc4 O-O 8.
Bb3 a5 9. f3 d5 10. Bxd5 Nxd5 11. Nxd5 f5 12. Nxc6 bxc6 13. Nb6 Rb8 14. Qxd8
Rxd8 15. Rd1 Rxd1+ 16. Kxd1 Bxb2 17. Nxc8 Rxc8 18. exf5 gxf5 19. Ke2 Kf7 20.
Rb1 Be5 21. f4 Bd6 22. a4 Rg8 23. g3 Rg6 24. Bd2 Rh6 25. Bxa5 Rxh2+ 26. Kd1
Rh1+ 27. Be1 Bc7 28. Ke2 Ba5 29. Rd1 Rh2+ 30. Kd3 Rh1 31. Ke2 Rh2+ 32. Kd3
1/2-1/2

[Event "Capablanca Memorial-B"]
[Site "Havana"]
[Date "1990.??.??"]
[Round "7"]
[White "Hernandez Onna, Roman"]
[Black "Damaso, Rui"]
[Result "1/2-1/2"]
[WhiteElo "2445"]
[BlackElo "2385"]
[PlyCount "27"]
[EventDate "1990.??.??"]
[EventType "tourn"]
[EventRounds "13"]
[EventCountry "CUB"]
[EventCategory "7"]
[SourceTitle "EXT 2000"]
[Source "ChessBase"]
[SourceDate "1999.11.16"]

1. c4 b6 2. Nc3 c5 3. Nf3 Bb7 4. e3 e6 5. d4 cxd4 6. exd4 Nf6 7. Bd3 Be7 8. O-O
d5 9. cxd5 Nxd5 10. Re1 O-O 11. a3 Nd7 12. Ne4 Rc8 13. h4 Qc7 14. Ne5 1/2-1/2

[Event "Bayamo"]
[Site "Bayamo"]
[Date "1990.??.??"]
[Round "4"]
[White "Herrera, Irisberto"]
[Black "Hernandez Onna, Roman"]
[Result "0-1"]
[WhiteElo "2410"]
[BlackElo "2445"]
[PlyCount "92"]
[EventDate "1990.04.??"]
[EventType "tourn"]
[EventRounds "13"]
[EventCountry "CUB"]
[EventCategory "8"]
[SourceTitle "CBM 018"]
[Source "ChessBase"]
[SourceDate "1990.10.01"]
[SourceVersion "1"]
[SourceVersionDate "1990.10.01"]
[SourceQuality "1"]

1. e4 e5 2. Nf3 Nc6 3. Bb5 a6 4. Ba4 Nf6 5. O-O Be7 6. Re1 b5 7. Bb3 d6 8. c3
O-O 9. h3 Na5 10. Bc2 c5 11. d4 Qc7 12. Nbd2 Nc6 13. d5 Nd8 14. a4 Rb8 15. axb5
axb5 16. b4 c4 17. Nf1 Ne8 18. N3h2 f5 19. exf5 Bxf5 20. Bxf5 Rxf5 21. Be3 Rf8
22. Qd2 Nf7 23. Ra7 Rb7 24. Rea1 Bd8 25. Ng3 Nf6 26. Ng4 Nxg4 27. hxg4 Qc8 28.
Rxb7 Qxb7 29. Ra7 Qc8 30. f3 Qb8 31. Ne4 Ng5 32. Nxg5 Bxg5 33. Ra6 Be7 34. Qa2
e4 35. Bd4 exf3 36. gxf3 Re8 37. Rb6 Qd8 38. Qa7 Bf6 39. Rb7 Bxd4+ 40. Qxd4 Qg5
41. Kg2 h5 42. Rxb5 Qc1 43. gxh5 Re2+ 44. Kg3 Qg5+ 45. Qg4 Qe5+ 46. f4 Qxc3+
0-1

[Event "Bayamo"]
[Site "Bayamo"]
[Date "1990.??.??"]
[Round "5"]
[White "Hernandez Onna, Roman"]
[Black "Antunes, Antonio"]
[Result "0-1"]
[WhiteElo "2445"]
[BlackElo "2445"]
[PlyCount "56"]
[EventDate "1990.04.??"]
[EventType "tourn"]
[EventRounds "13"]
[EventCountry "CUB"]
[EventCategory "8"]
[SourceTitle "CBM 018"]
[Source "ChessBase"]
[SourceDate "1990.10.01"]
[SourceVersion "1"]
[SourceVersionDate "1990.10.01"]
[SourceQuality "1"]

1. d4 d5 2. Nf3 Nf6 3. c4 e6 4. Nc3 c5 5. cxd5 cxd4 6. Qxd4 exd5 7. e3 Nc6 8.
Qd1 Bd6 9. Be2 O-O 10. O-O a6 11. b3 Re8 12. Bb2 Bc7 13. Rc1 Qd6 14. g3 Bh3 15.
Re1 Rad8 16. a3 Ng4 17. Bf1 Qh6 18. Nb1 Bxf1 19. Rxf1 Qh3 20. Nbd2 Be5 21. Bxe5
Ncxe5 22. Rc7 d4 23. e4 Rd6 24. Re1 Rf6 25. Rxb7 h5 26. b4 h4 27. b5 Nxf2 28.
Ng5 Qc8 0-1